000 00685nam a22002297a 4500
005 20170124105933.0
010 _aA-943038
020 _c00.00
035 _aA-943038
037 _bCen Lib/Ret
040 _aDPL
_bEN
082 _a301
_bPHA
100 _aPhal, S.R.
_9110079
245 _aSociety in Goa :
_cby S.R. Phal
_bsome aspects of tradition and modern trends /
260 _aDelhi
_bB.R publishing coorporation
_c1982
270 _bDelhi
_a461, Vivekanad nagar
_e110052
300 _a104p.
_c21cm(Hb)
500 _aIncludes index
650 _aSociety developmet
_zGoa (India)
_9110080
650 _aSicial life
_9110081
942 _2ddc
_cEN
_h301
_mPHA
999 _c123969
_d123969